000 00501nam a22001932 4500
001 0000006178
005 20170406121308.0
008 160128s xx 000 0 eng d
020 _c$
040 _aYour Holding Symbol
_cYour Holding Symbol
100 1 _aBlaston Oswell.
245 1 0 _aThank you :
_ban exploration of ulster.
250 _a ed.
260 _alondon :
_boswell,
_c1960.
300 _a190 p. ;
_c cm.
504 _aindex.
650 0 _aulster.
908 _a160128
999 _c5932
_d5932